LEADER 01059nam a2200241 i 4500 001 000000037245 003 CaOOAMICUS 005 20130115000000.0 008 130115s1958 it u000 u ita u 013 $a7469 040 $aSeMil$bita 245 13$aIl nostro Manzoni /$cComune di Milano : Ripartizione Educazione. 260 $aMilano :$bIndustrie grafiche italiane Stucchi,$c1958. 300 $aXIII, 154 p. :$bill.+1 c. geog. ripieg. ;$c27 cm. 490 0 $aQuaderni della Cittą di Milano ;$v3 600 14$aManzoni, Alessandro <1785-1873>.$0(OLS)http://semarc/subject/1531 710 2 $aMilano : Ripartizione dell'educazione.$0(OLS)http://semarc/name/6190 830 0$aQuaderni della Cittą di Milano ;$v3.$0(OLS)http://semarc/title/17324 850 $aSeMil 852 $aSeMil$W1$xVenegono$y1$m3O V 119$j3400$B3400$CSeMilBibl$Z2$F3400 $81 961 $aOmaggio: Deposito 996 $6245$aIl nostro Manzoni$9(OLS)http://semarc/title/52053 996 $6260$aMilano :$bIndustrie grafiche italiane Stucchi$9(OLS)http://semarc/publisher/33583 LEADER 00711nam a2200181 i 4500 001 000000107698 003 CaOOAMICUS 005 20171221000000.0 008 171221s1804 it u000 u ita u 013 $a80156 026 $a1785 n-re e.e, ChNo (3) 1804 (A) 040 $aSeMil$bita 245 10$aVol. 1. 300 $a[8], XXXI, [1], 447, [1] p. 773 0 $aCasti, Giovanni Battista <1724-1803>$tNovelle di Giambatista Casti. In tre volumi. Vol. 1. [-3.].$dA Parigi : Alla Stamperia italiana. Alla strada Vaugirard, n° 938, Anno XII 1804.$g1$w()4234 850 $aSeMil 852 $aSeMil$W1$xVenegono$y1$m1Q VI 34 FA$j63794$B63794$CSeMilBibl$Z2$F220538 $8I 996 $6245$aVol. 1$9(OLS)http://semarc/title/13429